[Event "Idaho Closed"]
[Site "Boise, ID"]
[Date "2010.02.13"]
[Round "1.8"]
[White "Ye, Michael"]
[Black "Roland, Jeffrey T"]
[Result "1-0"]
[WhiteElo "1174"]
[BlackElo "1775"]

1. e4 e6 2. d4 d5 3. Nc3 dxe4 4. Nxe4 Nd7 5. Nf3 Ngf6 6. Nxf6+ Nxf6 7. Bd3 Be7
8. c3 c5 9. Be3 Nd5 10. Qb3 Nxe3 11. fxe3 O-O 12. Rd1 Qc7 13. O-O b6 14. Qc2
h6 15. Rf2 Bb7 16. Rdf1 f5 17. Bc4 Bd5 18. Bxd5 exd5 19. Ne5 Bg5 20. Qd3 cxd4
21. exd4 f4 22. Qf3 Qd6 23. Qg4 Qf6 24. g3 Qf5 25. Qxf5 Rxf5 26. gxf4 Bh4 27.
Rg2 Re8 28. Rg6 Kh7 29. Rd6 Ref8 30. Ng6 R8f6 31. Nxh4 Rxf4 32. Rxf4 Rxf4 33.
Ng2 {#r} 1-0

[Event "Idaho Closed"]
[Site "Boise, ID"]
[Date "2010.02.13"]
[Round "2.12"]
[White "Roland, Jeffrey T"]
[Black "Min, William"]
[Result "1-0"]
[WhiteElo "1775"]
[BlackElo "1140"]

1. e4 e5 2. Nf3 Nc6 3. Bb5 a6 4. Ba4 Nf6 5. O-O Nxe4 6. d4 exd4 7. Re1 d5 8.
Nxd4 b5 9. Bb3 Qf6 10. Be3 Bc5 11. Bxd5 Bxd4 12. Bxc6+ Qxc6 13. Bxd4 O-O 14.
c3 Nd6 15. Nd2 Nc4 16. Nxc4 Qxc4 17. b3 Qd5 18. Re5 Qd6 19. Qf3 Be6 20. Rae1
Rfe8 21. h3 Rac8 22. Rg5 g6 23. Qf6 Qf8 24. Qh8# 1-0

[Event "Idaho Closed"]
[Site "Boise, ID"]
[Date "2010.02.14"]
[Round "3.8"]
[White "Lang, Jamie"]
[Black "Roland, Jeffrey T"]
[Result "1/2-1/2"]
[WhiteElo "1219"]
[BlackElo "1775"]

1. e4 e6 2. d4 d5 3. exd5 exd5 4. Nf3 Nf6 5. Bg5 Bg4 6. Be2 Bd6 7. O-O O-O 8.
Nc3 c6 9. h3 Bxf3 10. Bxf3 Nbd7 11. Qd2 Qc7 12. Bh4 Rfe8 13. Rfe1 h6 14. Ne2
Ne4 15. Bxe4 Rxe4 16. Bg3 Rae8 17. Bxd6 Qxd6 18. Ng3 Rxe1+ 19. Rxe1 Rxe1+ 20.
Qxe1 Qe6 21. Qa5 Nf6 22. Kf1 Ne4 23. Nxe4 Qxe4 24. Qd2 g5 25. Qd3 f5 26. Qxe4
fxe4 27. Ke2 Kf7 {#d} 1/2-1/2

[Event "Idaho Closed"]
[Site "Boise, ID"]
[Date "2010.02.14"]
[Round "4.10"]
[White "Roland, Jeffrey T"]
[Black "Abderhalden, Richard Robert"]
[Result "1-0"]
[WhiteElo "1775"]
[BlackElo "1516"]

1. d4 d6 2. c4 Nf6 3. Nc3 g6 4. e4 Bg7 5. Nf3 O-O 6. Be2 Nbd7 7. O-O e5 8.
dxe5 dxe5 9. Qc2 Qe7 10. Bg5 c6 11. Nd2 Re8 12. h3 b6 13. Be3 Bb7 14. Rad1
Rac8 15. a3 Nf8 16. f3 Ne6 17. Nb3 c5 18. Nb5 Nd4 19. Bxd4 exd4 20. Nxa7 Bxe4
21. Nxc8 Bxc2 22. Nxe7+ Rxe7 23. Nc1 Bxd1 24. Bxd1 Nh5 25. Nd3 Re3 26. Bc2 Re2
27. Bb1 Ng3 28. Re1 Rxe1+ 29. Nxe1 Nf5 30. Bxf5 gxf5 31. Nd3 f6 32. b3 Bh6 33.
f4 Kf7 34. g3 Ke6 35. Kf2 Kd6 36. Ke2 Kc6 37. Ne1 b5 38. Kd3 bxc4+ 39. Kxc4
Bf8 40. Nf3 Bd6 41. Nh4 Be7 42. Nxf5 Bf8 43. b4 cxb4 44. Nxd4+ {#r} 1-0

[Event "Idaho Closed"]
[Site "Boise, ID"]
[Date "2010.02.15"]
[Round "5.6"]
[White "Roland, Jeffrey T"]
[Black "Oberle Jr., Stephen"]
[Result "1-0"]
[WhiteElo "1775"]
[BlackElo "1803"]

1. d4 Nf6 2. c4 g6 3. Nc3 Bg7 4. g3 d6 5. Bg2 O-O 6. e3 Nbd7 7. Nge2 e5 8. O-O
c6 9. b3 Ne8 10. dxe5 dxe5 11. Ba3 c5 12. Bxc5 Qa5 13. Bxf8 Nxf8 14. Qd5 Qc7
15. Rad1 Ne6 16. Ne4 Rb8 17. N2c3 a6 18. Qd2 b6 19. Nd5 Qa7 20. Nec3 Bf8 21.
f4 exf4 22. Nxf4 Bb4 23. Nxe6 Bxe6 24. Qd3 Bg4 25. Nd5 Bd6 {#r} 1-0

[Event "Idaho Open"]
[Site "Pocatello, ID"]
[Date "2010.05.01"]
[Round "1.3"]
[White "Abderhalden, Richard Robert"]
[Black "Roland, Jeffrey T"]
[Result "1/2-1/2"]
[WhiteElo "1487"]
[BlackElo "1754"]

1. e4 c5 2. Nf3 d6 3. Bc4 e6 4. Nc3 Nf6 5. d3 Be7 6. Bg5 Nc6 7. Qd2 O-O 8.
O-O-O a6 9. h4 b5 10. Bb3 Na5 11. Rdg1 Nxb3+ 12. cxb3 Ng4 13. Bxe7 Qxe7 14.
Ne1 f5 15. f3 Ne5 16. g4 fxg4 17. fxg4 Nf3 18. Nxf3 Rxf3 19. Qe2 Qf6 20. g5
Qf4+ 21. Qd2 Bb7 22. Ne2 Qxd2+ 23. Kxd2 d5 24. Nc3 Rf2+ 25. Kc1 Raf8 26. exd5
exd5 27. Nd1 R2f3 28. Kd2 c4 29. dxc4 dxc4 30. bxc4 bxc4 31. Rh2 Rd8+ 32. Kc1
Rfd3 33. Rc2 R3d4 {#d} 1/2-1/2

[Event "Idaho Open"]
[Site "Pocatello, ID"]
[Date "2010.05.01"]
[Round "2.4"]
[White "Roland, Jeffrey T"]
[Black "Lang, Jamie"]
[Result "1-0"]
[WhiteElo "1754"]
[BlackElo "1359"]

1. e4 e5 2. Nf3 Nc6 3. Bb5 a6 4. Ba4 b5 5. Bb3 d6 6. c3 Nf6 7. O-O Bd7 8. Ng5
d5 9. exd5 Nxd5 10. Nxf7 Kxf7 11. Qf3+ Qf6 12. Qxd5+ Ke8 13. d4 Rd8 14. Bg5
Ne7 15. Bxf6 Nxd5 16. Bxd8 {#r} 1-0

[Event "Idaho Open"]
[Site "Pocatello, ID"]
[Date "2010.05.01"]
[Round "3.2"]
[White "Kircher, Caleb Paul"]
[Black "Roland, Jeffrey T"]
[Result "0-1"]
[WhiteElo "1623"]
[BlackElo "1754"]

1. e4 e6 2. d3 d5 3. Nd2 Nd7 4. g3 dxe4 5. dxe4 Ngf6 6. Bg2 Be7 7. Ngf3 O-O 8.
O-O c6 9. e5 Nd5 10. Re1 Nc5 11. Qe2 b6 12. Nf1 Ba6 13. c4 Qc7 14. Qc2 Nb4 15.
Qc3 Nbd3 16. Re3 Nxc1 17. Rxc1 Rad8 18. b4 Nd7 19. a4 c5 20. b5 Bb7 21. N1d2
f6 22. exf6 Bxf6 23. Qc2 Ne5 24. Nxe5 Bxg2 25. Kxg2 Bxe5 26. Nf3 Bd4 27. Rxe6
Rxf3 28. Qe4 Rxf2+ 29. Kh1 Rdf8 30. Re7 Qd6 31. Qb7 Qh6 32. Qd5+ Kh8 33. h4
Qxc1+ {#R} 0-1

[Event "Idaho Open"]
[Site "Pocatello, ID"]
[Date "2010.05.02"]
[Round "4.1"]
[White "Roland, Jeffrey T"]
[Black "Abderhalden, Katherine Louise"]
[Result "1-0"]
[WhiteElo "1754"]
[BlackElo "1697"]

1. e4 c5 2. Nc3 Nc6 3. g3 Nf6 4. Bg2 d6 5. d3 g6 6. h3 Bg7 7. Be3 O-O 8. Qd2
Qc7 9. Nge2 Rb8 10. f4 b5 11. O-O e6 12. Nd1 Bb7 13. c3 Rfd8 14. Qc2 Ne7 15.
Nf2 d5 16. e5 Nd7 17. d4 Nf5 18. Qd2 Ba6 19. Kh2 b4 20. Rfe1 f6 21. dxc5 Nxe3
22. Qxe3 Nxc5 23. Rac1 Qe7 24. Nd4 Rbc8 25. cxb4 fxe5 26. fxe5 Nd7 27. Nc6 Qf8
28. Nxd8 Rxd8 29. Qxa7 Bxe5 30. Ng4 Bxb2 31. Rb1 Bd3 32. Rxb2 Bf5 33. Qd4 Rc8
34. Ne3 Qf7 35. Rf1 Rd8 36. g4 {#r} 1-0

[Event "Idaho Open"]
[Site "Pocatello, ID"]
[Date "2010.05.02"]
[Round "5.1"]
[White "Morrow, Hans M"]
[Black "Roland, Jeffrey T"]
[Result "1-0"]
[WhiteElo "1942"]
[BlackElo "1754"]

1. d4 d5 2. c4 e6 3. Nc3 Nf6 4. cxd5 exd5 5. Nf3 Be7 6. g3 O-O 7. Bg2 Bf5 8.
Qb3 b6 9. O-O Be6 10. Ng5 h6 11. Nxe6 fxe6 12. Bh3 Qd7 13. e4 c6 14. e5 Ne8
15. Ne2 Nc7 16. Nf4 Bd8 17. Qd3 Qf7 18. Ng6 Re8 19. Be3 Nba6 20. a3 Be7 21.
Rac1 c5 22. f4 c4 23. Nxe7+ Rxe7 24. Qe2 Rf8 25. f5 exf5 26. Rxf5 Qg6 27.
Rxf8+ Kxf8 28. Bg4 Ne6 29. Bh5 Qe4 30. Rf1+ Kg8 31. Bf3 Nxd4 32. Bxe4 Nxe2+
33. Kf2 dxe4 34. Kxe2 Rxe5 35. Rd1 Kf7 36. Rc1 b5 37. Bxa7 g6 38. Bd4 Rf5 39.
Ke3 Nc7 40. Kxe4 Ne6 41. Be3 Nc5+ 42. Bxc5 Rxc5 43. Kd4 Rg5 44. Re1 Kf6 45.
Re2 Rf5 46. a4 bxa4 47. Kxc4 Ra5 48. Kb4 Ra8 49. h3 a3 50. bxa3 Rb8+ 51. Kc4
h5 52. a4 Ra8 53. Kb4 Rb8+ 54. Ka3 Ra8 55. Re3 Kf5 56. Rb3 Ke5 57. Rb5+ Ke4
58. Rg5 Ra6 59. a5 Kd4 60. Kb4 {#r} 1-0

[Event "SIO (Open)"]
[Site "Twin Falls, ID"]
[Date "2010.11.13"]
[Round "2.2"]
[White "Roland, Jeffrey T"]
[Black "Buckendorf Jr., Glen"]
[Result "1/2-1/2"]
[WhiteElo "1724"]
[BlackElo "1800"]

1. d4 d5 2. c4 e6 3. Nc3 Nf6 4. Bg5 Be7 5. e3 O-O 6. Nf3 h6 7. Bh4 Nbd7 8. Bd3
dxc4 9. Bxc4 Nb6 10. Bd3 Nbd5 11. a3 Nxc3 12. bxc3 Nd5 13. Bxe7 Qxe7 14. c4
Nf6 15. O-O c5 16. Bc2 Rd8 17. Qe2 b6 18. Rfd1 Bb7 19. Ne5 Rd6 20. dxc5 Rxd1+
21. Rxd1 Qxc5 22. f4 Qxa3 23. Nd7 Nxd7 24. Rxd7 Qa1+ 25. Kf2 Bc6 26. Rd6 Ba4
27. Qd3 Bxc2 28. Qxc2 Qf6 29. Qa2 Rd8 30. Rxd8+ Qxd8 31. Qxa7 Qd2+ 32. Kf3 Qa5
33. Qe7 g6 34. Qf6 Qh5+ 35. Kf2 Qc5 36. Qd4 Kf8 37. Qxc5+ bxc5 38. e4 f6 39.
g4 {#d} 1/2-1/2

[Event "SIO (Open)"]
[Site "Twin Falls, ID"]
[Date "2010.11.13"]
[Round "3.3"]
[White "Tatom, Gene L"]
[Black "Roland, Jeffrey T"]
[Result "1-0"]
[WhiteElo "1600"]
[BlackElo "1724"]

1. c4 Nf6 2. g3 g6 3. Bg2 Bg7 4. Nc3 c5 5. e4 Nc6 6. Nge2 O-O 7. O-O e6 8. d3
d6 9. h3 Nd7 10. Be3 f5 11. f4 Nd4 12. Rb1 Nb6 13. Kh2 Rb8 14. b4 Nxe2 15.
Nxe2 fxe4 16. bxc5 exd3 17. Qxd3 dxc5 18. Qe4 e5 19. Rbd1 Qc7 20. Qc2 Be6 21.
Bd5 Bxd5 22. cxd5 Nd7 23. fxe5 Bxe5 24. Nf4 Rf6 25. Ne6 Bxg3+ 26. Kg2 Qe5 27.
Rxf6 Nxf6 28. Qxc5 Ne4 29. Qd4 Qxd4 30. Rxd4 Nd6 31. Kxg3 Nf5+ 32. Kf4 Nxd4
33. Bxd4 Re8 34. Bxa7 Ra8 35. Bd4 Rxa2 36. d6 Kf7 37. d7 Ra8 38. d8=Q Rxd8 39.
Nxd8+ {#r} 1-0

[Event "WIO (Open)"]
[Site "Boise, ID"]
[Date "2010.12.11"]
[Round "2.4"]
[White "Kircher, Caleb Paul"]
[Black "Roland, Jeffrey T"]
[Result "1-0"]
[WhiteElo "1650"]
[BlackElo "1724"]

1. e4 e5 2. Bc4 Nf6 3. Nf3 Nc6 4. d3 Bc5 5. O-O d6 6. c3 a6 7. Bb3 Be6 8. Bxe6
fxe6 9. Qb3 Qc8 10. Ng5 h6 11. Nxe6 Bb6 12. Nxg7+ Ke7 13. Nf5+ Ke8 14. Bxh6
Ng4 15. Ng7+ Ke7 16. Bg5+ Kf8 17. Ne6+ Ke8 18. h3 Na5 19. Qa4+ c6 20. Ng7+ Kf7
21. Nf5 Bc7 22. Qd1 Nf6 23. Bxf6 Kxf6 24. Qg4 Qg8 25. Qxg8 Raxg8 26. Kh2 c5
27. Nd2 d5 28. Ne3 Bd6 29. Nxd5+ {#r} 1-0

[Event "WIO (Open)"]
[Site "Boise, ID"]
[Date "2010.12.12"]
[Round "4.7"]
[White "Roland, Jeffrey T"]
[Black "Abderhalden, Richard Robert"]
[Result "1-0"]
[WhiteElo "1724"]
[BlackElo "1550"]

1. d4 d5 2. c4 Nc6 3. cxd5 Qxd5 4. Nf3 Bf5 5. Nc3 Qd6 6. e4 Bg4 7. Be3 a6 8.
Be2 e6 9. O-O Be7 10. Qd2 Bxf3 11. Bxf3 e5 12. Rfd1 Nf6 13. d5 Na7 14. Rac1
O-O 15. Ne2 Rfd8 16. Ng3 g6 17. Qc3 Rdc8 18. Bc5 Qd8 19. Bxa7 Rxa7 20. Qxe5
Bd6 21. Qd4 b6 22. e5 Bc5 23. Qh4 Nd7 24. Qe4 Qe7 25. b4 Bxf2+ 26. Kxf2 Qxe5
27. Qxe5 Nxe5 28. d6 c6 29. a4 b5 30. axb5 axb5 31. Be2 Rd8 32. Ne4 f5 33. Nc5
Kf7 34. Nd3 Nc4 35. Nc5 Nxd6 36. Bf3 Rc7 37. Na6 Rcd7 38. Kf1 Ne4 39. Rxd7+
Rxd7 40. Rxc6 Nd2+ 41. Ke2 {#r} 1-0

[Event "WIO (Open)"]
[Site "Boise, ID"]
[Date "2010.12.12"]
[Round "5.5"]
[White "Stewart, David Wayne"]
[Black "Roland, Jeffrey T"]
[Result "0-1"]
[WhiteElo "1632"]
[BlackElo "1724"]

1. e4 e5 2. Nf3 Nc6 3. Bb5 a6 4. Ba4 Nf6 5. O-O Nxe4 6. Bxc6 bxc6 7. d4 d5 8.
Nxe5 Bd7 9. Qf3 Qf6 10. Qxf6 gxf6 11. Nxd7 Kxd7 12. f3 Nd6 13. b3 Re8 14. Bd2
Nf5 15. c3 Rg8 16. Re1 Rxe1+ 17. Bxe1 Ne3 {#R} 0-1

[Event "Social Game"]
[Site "Boise, ID"]
[Date "2011.06.20"]
[Round "0"]
[White "Kirk, Patrick T"]
[Black "Roland, Jeffrey T"]
[Result "0-1"]
[WhiteElo "1670"]
[BlackElo "1700"]

1. e4 e5 2. f4 exf4 3. Nf3 d6 4. d4 g5 5. Bc4 g4 6. Bxf4 Qf6 7. Bg5 Qg6 8. O-O
gxf3 9. Qxf3 f6 10. Bxf6 Nxf6 11. e5 dxe5 12. dxe5 Bc5+ 13. Kh1 Rf8 14. exf6
Nc6 15. Re1+ Be7 16. f7+ Kd8 17. Nc3 Bg4 18. Rad1+ Bd6 19. Re8+ Rxe8 20. Rxd6+
cxd6 21. fxe8=Q+ Qxe8 22. Qf6+ Kd7 23. Qg7+ Kd8 24. Qg5+ Qe7 25. Qg8+ Qe8 26.
Qg5+ Kc8 27. Qxg4+ Kb8 28. Qg3 Ne5 29. Bb5 Qg6 30. Qf4 a6 31. Be2 Ka7 32. Qa4
Rc8 33. Nb5+ Kb8 34. Nd4 Rg8 35. Bf1 Ng4 36. Qb3 Ne5 37. Qd5 Ka7 38. Ne6 Re8
39. Qd4+ b6 40. Nc7 Rc8 41. Nd5 Nd7 42. Qa4 Nc5 43. Qb4 Rb8 44. a4 Qe4 45. Qd2
Nxa4 46. Nb4 Nc5 47. c3 Rf8 48. Qd1 Qf4 49. Be2 Ne4 50. Nd3 {The game was
adjourned here due to store closing at 9:00 p.m. Play resumed 27.06.2011.} Qe3
51. Bf3 Qxd3 {#R} 0-1

[Event "Lang Invitational #2"]
[Site "Meridian, ID"]
[Date "2011.02.05"]
[Round "2.1"]
[White "Roland, Jeffrey T"]
[Black "Patterson, Kevin R"]
[Result "1-0"]
[WhiteElo "1703"]
[BlackElo "1247"]

{Game/30} 1. d4 c6 2. c4 d5 3. Nf3 Nf6 4. Nc3 e6 5. Bg5 Nbd7 6. e4 dxe4 7.
Nxe4 Be7 8. Nxf6+ Nxf6 9. Bd3 Nd7 10. Bd2 h6 11. O-O Bf6 12. Qe2 Qc7 13. Rac1
b6 14. Rfe1 O-O 15. Bxh6 gxh6 16. Qe4 Re8 17. Qh7+ Kf8 18. Qxh6+ Ke7 19. Qe3
Nf8 20. Be4 Bd7 21. d5 Bxb2 22. Rcd1 cxd5 23. cxd5 Qc3 24. d6+ Kd8 25. Bxa8
{#r} 1-0

[Event "Lang Invitational #2"]
[Site "Meridian, ID"]
[Date "2011.02.05"]
[Round "4.3"]
[White "Roland, Jeffrey T"]
[Black "Lang, Jamie"]
[Result "1-0"]
[WhiteElo "1703"]
[BlackElo "1337"]

{Game/30} 1. d4 d5 2. c4 c6 3. Nf3 Bf5 4. Nc3 e6 5. Bf4 Bd6 6. Qd2 Qc7 7. Bxd6
Qxd6 8. cxd5 exd5 9. Qe3+ Qe6 10. Qf4 Nf6 11. Nh4 Bg6 12. Rc1 O-O 13. Nxg6
fxg6 14. f3 Nh5 15. Qd2 Re8 16. e4 Qd6 17. Kf2 Qf4 18. Qxf4 Nxf4 19. g3 Ne6
20. exd5 Nxd4 21. dxc6 Nbxc6 22. Bc4+ Kh8 23. Ne4 Rf8 24. Ng5 Ne5 25. f4 Nxc4
26. Rxc4 h6 27. Nf3 Nxf3 28. Kxf3 g5 29. Kg4 gxf4 30. gxf4 Rf6 31. h4 Raf8 32.
Re1 h5+ 33. Kxh5 Rxf4 34. Rxf4 Rxf4 35. Re2 Rf5+ 36. Kg6 Rf6+ 37. Kg5 Kh7 38.
Re7 Rg6+ 39. Kf5 Rh6 40. Rxb7 Rxh4 41. Rxa7 Rh5+ 42. Kg4 Kh6 43. Ra8 Rg5+ 44.
Kf4 Kg6 45. Ra6+ Kh5 46. b3 g6 47. Re6 Rf5+ 48. Ke4 Rg5 49. Re5 Rxe5+ 50. Kxe5
Kg4 51. b4 g5 52. b5 Kf3 53. b6 g4 54. b7 g3 55. b8=Q g2 56. Qg8 g1=Q 57. Qxg1
{#r} 1-0

[Event "Idaho Closed"]
[Site "Twin Falls, ID"]
[Date "2011.02.20"]
[Round "3.8"]
[White "Roland, Jeffrey T"]
[Black "Patterson, Kevin R"]
[Result "1-0"]
[WhiteElo "1703"]
[BlackElo "1247"]

1. d4 c6 2. c4 d5 3. Nf3 Bf5 4. Nc3 e6 5. e3 Nf6 6. Be2 Bg4 7. Ne5 Bxe2 8.
Qxe2 dxc4 9. Nxc4 Nbd7 10. Qf3 Qc7 11. e4 e5 12. O-O Bd6 13. Nxd6+ Qxd6 14.
dxe5 Nxe5 15. Qg3 O-O-O 16. f4 Nfg4 17. fxe5 Qd4+ 18. Kh1 Nxe5 19. Be3 Qd6 20.
Bxa7 Qc7 21. h3 f6 22. Nd5 cxd5 23. Rac1 Nc6 24. Qg4+ Qd7 25. Qg3 Qd6 26. Qxg7
Rdf8 27. Qg4+ Qd7 28. exd5 Qxg4 29. hxg4 Kd7 30. dxc6+ bxc6 31. Bd4 Rhg8 32.
Rcd1 Kc8 33. Rxf6 Rxf6 34. Bxf6 Rxg4 35. Rd6 {#r} 1-0

[Event "Idaho Closed"]
[Site "Twin Falls, ID"]
[Date "2011.02.21"]
[Round "6.5"]
[White "Roland, Jeffrey T"]
[Black "Abderhalden, Richard Robert"]
[Result "0-1"]
[WhiteElo "1703"]
[BlackElo "1503"]

1. d4 d5 2. c4 c6 3. Nc3 Nf6 4. Nf3 Bf5 5. g3 e6 6. Qb3 Qc8 7. Bg2 Be7 8. O-O
O-O 9. Nh4 Bg6 10. Nxg6 fxg6 11. Bh3 Qd7 12. cxd5 cxd5 13. Bf4 Nc6 14. e3 a6
15. Na4 Rae8 16. Nb6 Qd8 17. Bxe6+ Kh8 18. Na4 Bb4 19. Bh3 Ne4 20. Rfd1 g5 21.
f3 Nd2 22. Rxd2 Bxd2 23. Be5 Nxe5 24. dxe5 Rxe5 25. Qxb7 Bxe3+ {#R} 0-1

[Event "Lang Invitational #3"]
[Site "Meridian, ID"]
[Date "2011.03.05"]
[Round "4.3"]
[White "Lang, Jamie"]
[Black "Roland, Jeffrey T"]
[Result "1-0"]
[WhiteElo "1337"]
[BlackElo "1700"]

1. e4 e6 2. d4 d5 3. e5 c5 4. Nf3 Nc6 5. Bb5 Bd7 6. Bxc6 Bxc6 7. O-O Qb6 8. b3
O-O-O 9. Be3 Bb5 10. Re1 c4 11. a4 Ba6 12. Bd2 cxb3 13. cxb3 Bb4 14. Qc2+ Kd7
15. Bxb4 Qxb4 16. Qc3 Qxc3 17. Nxc3 Ne7 18. Ng5 Rc8 19. Nb5 f6 20. exf6 gxf6
21. Nxe6 Rc6 22. Nc5+ Kd8 23. Nxa7 Rd6 24. b4 Nc6 25. b5 Nxa7 26. bxa6 Rxa6
27. Nxa6 bxa6 28. Re6 Kd7 29. Rxa6 Nc6 30. a5 Rb8 31. Rb6 Ra8 32. a6 Nxd4 33.
Rxf6 Nc6 34. Rf7+ Kd6 35. Rxh7 Nb4 36. a7 Kc5 37. Rb7 Nc6 38. h4 d4 39. h5 d3
40. h6 d2 41. h7 Rxa7 42. Rbxa7 Nxa7 43. h8=Q Nc6 44. Qc3+ Kd5 45. Qxd2+ Ke5
46. Qe3+ Kf5 47. Qf3+ {#r} 1-0

[Event "Lang Invitational #4"]
[Site "Meridian, ID"]
[Date "2011.04.30"]
[Round "2.1"]
[White "Kircher, Caleb Paul"]
[Black "Roland, Jeffrey T"]
[Result "1/2-1/2"]
[WhiteElo "1735"]
[BlackElo "1700"]

1. f4 d5 2. e3 Nf6 3. b3 g6 4. Bb2 Bg7 5. Nf3 O-O 6. Be2 c5 7. O-O Nc6 8. Bb5
a6 9. Bxc6 bxc6 10. Ne5 Qb6 11. Nc3 Nd7 12. Na4 Qb5 13. d3 Nxe5 14. fxe5 c4
15. d4 Bf5 16. Nc5 Bxe5 17. Rxf5 gxf5 18. Nd7 Bg7 19. a4 Qb7 20. Nxf8 Rxf8 21.
Ba3 Re8 22. Rb1 Qc7 23. bxc4 e5 {#d} 1/2-1/2

[Event "Lang Invitational #4"]
[Site "Meridian, ID"]
[Date "2011.04.30"]
[Round "4.2"]
[White "Roland, Jeffrey T"]
[Black "Lang, Jamie"]
[Result "1-0"]
[WhiteElo "1700"]
[BlackElo "1337"]

1. d4 d5 2. c4 Bf5 3. Nc3 e6 4. e3 Nf6 5. Nf3 Bb4 6. a3 Bxc3+ 7. bxc3 O-O 8.
Qb3 b6 9. h3 Nbd7 10. Be2 c6 11. O-O Qc7 12. cxd5 exd5 13. Nd2 Rfe8 14. c4 Be6
15. Bb2 c5 16. Rac1 Qd6 17. Rfd1 Qe7 18. Nf3 h6 19. Ne5 dxc4 20. Bxc4 Nxe5 21.
dxe5 Bxc4 22. Qxc4 Nd7 23. f4 Rad8 24. Qc3 Nf8 25. g3 Rxd1+ 26. Rxd1 Rd8 27.
Rd6 Qb7 28. Rxd8 {#r} 1-0

[Event "ICA Players Mem-Open"]
[Site "Boise, ID"]
[Date "2011.05.14"]
[Round "2.1"]
[White "Roland, Jeffrey T"]
[Black "Gustafsson, Alexander Kenneth"]
[Result "0-1"]
[WhiteElo "1700"]
[BlackElo "1972"]

1. d4 Nf6 2. Nf3 g6 3. c4 Bg7 4. Nc3 d6 5. e4 O-O 6. Be2 e5 7. dxe5 dxe5 8.
Qxd8 Rxd8 9. Bg5 Re8 10. O-O c6 11. h3 Na6 12. Be3 Nh5 13. Rad1 Nf4 14. Rfe1
Nxe2+ 15. Rxe2 f5 16. exf5 gxf5 17. g3 Be6 18. b3 e4 19. Nd4 Nb4 20. Nxe6 Rxe6
21. Bd4 Rd6 22. Bxg7 Rxd1+ 23. Nxd1 Kxg7 24. f3 Rd8 25. Nf2 exf3 26. Re7+ Kf6
27. Rxb7 Nc2 28. Rxa7 Re8 29. Nd3 Re2 30. Nf2 Re1+ 31. Kh2 Ne3 32. Nd3 Re2+
{#R} 0-1

[Event "ICA Players Mem-Open"]
[Site "Boise, ID"]
[Date "2011.05.14"]
[Round "3.3"]
[White "Stakland, Tim J"]
[Black "Roland, Jeffrey T"]
[Result "1-0"]
[WhiteElo "1755"]
[BlackElo "1700"]

1. e4 e5 2. Nf3 Nc6 3. Bc4 Nf6 4. Ng5 d5 5. exd5 Na5 6. Bb5+ c6 7. dxc6 bxc6
8. Be2 h6 9. Nf3 e4 10. Ne5 Bd6 11. d4 exd3 12. Nxd3 O-O 13. O-O Qc7 14. g3
Nd5 15. b3 Bh3 16. Re1 f5 17. c4 Nf6 18. Nc3 Ne4 19. Qc2 Rae8 20. Bf4 g5 21.
Bxd6 Qxd6 22. Rad1 Qd4 23. Nxe4 fxe4 24. Nf4 Qc5 25. Nxh3 Rxf2 26. Nxf2 Rf8
27. Rf1 {#r} 1-0

[Event "ICU Twin Falls City Ch"]
[Site "Twin Falls, ID"]
[Date "2011.06.25"]
[Round "2.2"]
[White "Pentico, Christopher"]
[Black "Roland, Jeffrey T"]
[Result "0-1"]
[WhiteElo "1434"]
[BlackElo "1679"]

1. c4 Nf6 2. Nf3 g6 3. g3 Bg7 4. Bg2 d5 5. O-O O-O 6. cxd5 Nxd5 7. Nc3 c6 8.
e4 Nxc3 9. bxc3 Be6 10. d4 Qd7 11. Re1 Bg4 12. Qd3 Rd8 13. e5 c5 14. Bb2 Nc6
15. Qe4 Bf5 16. Qf4 cxd4 17. cxd4 Nb4 18. Re2 Nd3 19. Qe3 Nxb2 20. Rxb2 Rac8
21. Nh4 Qxd4 22. Qxd4 Rxd4 23. Nxf5 gxf5 24. f4 b6 25. Rb5 e6 26. a4 Rc2 27.
a5 Bf8 28. axb6 axb6 29. Bf1 Kg7 30. Re1 Rdd2 31. Re3 Bc5 32. Rxc5 bxc5 33. h3
c4 34. g4 Kg6 35. Rg3 fxg4 36. Rxg4+ Kf5 37. Rg7 Kxf4 38. Rg4+ Kf3 39. Bxc4
{(Time Forfeit)} {#R} 0-1

[Event "ICU Twin Falls City Ch"]
[Site "Twin Falls, ID"]
[Date "2011.06.25"]
[Round "3.1"]
[White "Imamovic, Nedzad"]
[Black "Roland, Jeffrey T"]
[Result "1/2-1/2"]
[WhiteElo "1800"]
[BlackElo "1679"]

1. e4 e6 2. Nf3 d5 3. exd5 exd5 4. d4 Nf6 5. Bg5 Bg4 6. h3 Bxf3 7. Qxf3 Be7 8.
Bd3 Nbd7 9. Nc3 c6 10. O-O O-O 11. h4 Qb6 12. Ne2 Rfe8 13. c3 h6 14. Bf5 Bd6
15. Bxh6 Qxb2 16. Bxd7 Qxe2 17. Bxe8 Rxe8 18. Qxe2 Rxe2 19. Be3 Ng4 20. Rfe1
Rc2 21. f3 Nxe3 22. Rxe3 Bg3 23. Rd3 Bxh4 24. Kh2 Bg5 25. Rb1 b6 26. a3 Bd2
27. Rb3 Kh7 28. Kh3 f5 29. g3 g5 30. Rb1 Kg6 31. Rh1 Bxc3 32. Rg1 b5 33. g4 f4
34. Rg2 Rc1 35. Re2 Kf6 {#d} 1/2-1/2

[Event "Meridian Invitational"]
[Site "Meridian, ID"]
[Date "2011.08.20"]
[Round "1.2"]
[White "Lang, Jamie"]
[Black "Roland, Jeffrey T"]
[Result "0-1"]
[WhiteElo "1321"]
[BlackElo "1700"]

1. e4 e6 2. d4 d5 3. exd5 exd5 4. Nf3 Nf6 5. Be2 Bd6 6. Bg5 O-O 7. Nc3 Be6 8.
O-O Nbd7 9. Nb5 Be7 10. Re1 a6 11. Nc3 c5 12. Ne5 cxd4 13. Nxd7 Qxd7 14. Qxd4
h6 15. Be3 Rac8 16. a3 Bc5 17. Qd2 d4 18. Bxh6 dxc3 19. Qxd7 Nxd7 20. Bxg7
Kxg7 21. b4 Bb6 22. Rad1 Nf6 23. Rd3 Rfd8 24. Rg3+ Kf8 25. Bd3 Re8 26. h4 Bc4
27. Rd1 Bxd3 28. Rgxd3 Red8 29. g3 Ng4 30. Rxd8+ Rxd8 31. Rxd8+ Bxd8 32. Kg2
Bb6 33. Kf3 Ne5+ 34. Ke2 Nc4 35. f4 Nxa3 36. Kd3 Bf2 37. Kxc3 Bxg3 38. Kb3
Nxc2 39. Kxc2 Bxf4 40. Kd3 Bd6 41. Kc4 Bxb4 42. Kxb4 Kg7 43. Ka5 Kh6 44. Kb6
Kh5 45. Kxb7 a5 {#R} 0-1

[Event "Meridian Invitational"]
[Site "Meridian, ID"]
[Date "2011.08.20"]
[Round "2.1"]
[White "Roland, Jeffrey T"]
[Black "Kircher, Caleb Paul"]
[Result "1-0"]
[WhiteElo "1700"]
[BlackElo "1753"]

1. d4 Nf6 2. c4 g6 3. Nc3 Bg7 4. g3 O-O 5. Bg2 d6 6. e3 e5 7. Nge2 Nc6 8. O-O
Re8 9. d5 Ne7 10. e4 Nd7 11. f4 a5 12. Be3 b6 13. Qd2 Nc5 14. fxe5 Bxe5 15.
Rf2 Rf8 16. Bh6 Bg7 17. Bxg7 Kxg7 18. Qf4 Nd7 19. Nd4 Ne5 20. Qf6+ Kg8 21.
Raf1 Nxc4 22. Ne6 Bxe6 23. dxe6 Ne5 24. exf7+ Nxf7 25. e5 Rb8 26. Qe6 Qe8 27.
Ne4 Kg7 28. Qf6+ Kg8 29. Qh4 Nd5 30. Ng5 Nxg5 31. Rxf8+ Qxf8 32. Rxf8+ Kxf8
33. Bxd5 Nf7 34. Qf6 {#r} 1-0

[Event "Eastern Idaho Open (Open)"]
[Site "Pocatello, ID"]
[Date "2011.09.24"]
[Round "1.3"]
[White "Roland, Jeffrey T"]
[Black "Asay, Adam"]
[Result "1-0"]
[WhiteElo "1741"]
[BlackElo "1305"]

1. d4 c5 2. d5 Nf6 3. c4 g6 4. Nc3 Bg7 5. e4 d6 6. Nf3 O-O 7. Be2 a6 8. O-O
Bd7 9. Be3 Qe8 10. Qd2 b5 11. Rae1 b4 12. Nd1 Nxe4 13. Qc2 Bf5 14. Bd3 Nf6 15.
Bxf5 gxf5 16. Qxf5 e6 17. Qd3 e5 18. Qf5 Qd7 19. Nh4 Ng4 20. Qxd7 Nxd7 21. Nf5
Nb6 22. Nxd6 Nxe3 23. Nxe3 Bh6 24. Nef5 Bg7 25. Nxg7 Kxg7 26. Rxe5 Rfd8 27.
Ne4 Nxc4 28. Rg5+ Kh6 29. f4 f6 30. Nxf6 Nxb2 31. Ng4# 1-0